| 000 | 00838nam a2200217 a 4500 | ||
|---|---|---|---|
| 008 | 951213s1983||||[C 0 slo c | ||
| 020 |
_c17 Kčs. _q(18000 výtl.) |
||
| 040 |
_aSNK _bslo _cSNK _eAACR2 |
||
| 041 | 1 |
_aslo _hrus |
|
| 044 |
_axo _cSK |
||
| 080 | _a323.2(47)"1910/1911"(082) | ||
| 100 | 1 |
_aLenin, Vladimir Iľjič _4aut |
|
| 245 | 1 | 0 |
_aZobrané spisy. /Zv./ 20 _bNovember 1910-november 1911 _cVladimir Iľjič Lenin ; Eva Csányiová, Oto Takáč |
| 250 | _a2., vyd. | ||
| 260 |
_aBratislava _bPravda _c1983 _eBratislava _fPravda |
||
| 300 |
_a705 s., 32,09 AH _c21 cm |
||
| 500 | _aLit. 130. Životopis. údaje. Pozn. Faksim. rkp. Reg. men. a lit. prác a prameňov. Zozn. nenájdených prác V.I. Lenina. 130 zázn. v slov., češ. a ruš. | ||
| 700 | 1 |
_aCsányiová, Eva _4trl |
|
| 700 | 1 |
_aTakáč, Oto _4bkd |
|
| 958 | _aA | ||
| 999 |
_c15441 _d15441 |
||